ARRUPE JESUIT UNIVERSITY

CORONAVIRUS -STOP THE SPREAD - CLEAN,DISINFECT,COVER

Elementary particles (Record no. 122202)

MARC details
000 -LEADER
fixed length control field 00453nam a22001337a 4500
008 - FIXED-LENGTH DATA ELEMENTS--GENERAL INFORMATION
fixed length control field 150226b xxu||||| |||| 00| 0 eng d
050 ## - LIBRARY OF CONGRESS CALL NUMBER
Classification number QC721.F919
100 ## - MAIN ENTRY--PERSONAL NAME
Personal name Frisch, David H and Thorndike, Alan M.
9 (RLIN) 15571
245 ## - TITLE STATEMENT
Title Elementary particles
Statement of responsibility, etc / David H. Frisch and Alan M. Thorndike
260 ## - PUBLICATION, DISTRIBUTION, ETC. (IMPRINT)
Place of publication, distribution, etc New Jersey
Name of publisher, distributor, etc D. Van Nostrand company
Date of publication, distribution, etc 1964
300 ## - PHYSICAL DESCRIPTION
Extent vi, 153p. ;
Dimensions 21cm.
650 ## - SUBJECT ADDED ENTRY--TOPICAL TERM
Topical term or geographic name as entry element Particles (Nuclear physics)
9 (RLIN) 13723
942 ## - ADDED ENTRY ELEMENTS (KOHA)
Source of classification or shelving scheme Library of Congress Classification
Item type Monograph ( Printed materials)
Holdings
Withdrawn status Lost status Source of classification or shelving scheme Damaged status Not for loan Collection code Home library Current library Shelving location Date acquired Total Checkouts Full call number Barcode Date last seen Price effective from Koha item type
    Library of Congress Classification     Main Collection ARRUPE LIBRARY ARRUPE LIBRARY Main Collection 26/02/2015   QC721.F919 46500002849 02/07/2019 26/02/2015 Monograph ( Printed materials)

 

Arrupe Library. PO Box MP320 Mt Pleasant, Harare, Zimbabwe
263 242 745411|librarian@aju.ac.zw